Films avec Louis de Funès - Mort subite - Statistiques

Statistiques générales
  • Ce quiz a été pris 1 277 fois
  • Le résultat moyen est 7 sur 15
Answers on the Grid
Answers color-coded by a green-red scale on the quiz's grid according to % correct below.
Le Cerveau
Le Corniaud
Le Tatoué
Le Mur de l'Atlantique
Fantômas contre Fantômas
Fantômas se déchaîne
Le Facteur de Saint Tropez
Le Gendarme de Saint Tropez
La Grande vadrouille
L'Aile ou la cuisse
Papy fait de la résistance
Le Crocodile
La Valse des toréadors
La Traversée de Paris
On a retrouvé la Septième compagnie
Le Viager
Oscar
Taxi, roulotte et corrida
Joyeuses Pâques
Hibernatus
La Chèvre
Ni vu, ni connu
Jo
La Folie des grandeurs
Les Aventures de Rabbi Jacob
La Cuisine au beurre
On a volé la cuisse de Jupiter
La Zizanie
 
Statistiques - réponses
Réponse % Correct
Le Corniaud
89%
Le Gendarme de Saint Tropez
67%
Le Tatoué
59%
La Grande vadrouille
54%
Fantômas se déchaîne
53%
L'Aile ou la cuisse
53%
Les Aventures de Rabbi Jacob
51%
La Folie des grandeurs
46%
Hibernatus
45%
La Zizanie
42%
Oscar
41%
Jo
35%
La Traversée de Paris
34%
Ni vu, ni connu
15%
Taxi, roulotte et corrida
8%
Aucun quiz correspondant
Distribution des résultats
% des personnes avec chaque résultat
Percentile par nombre de réponses
Votre historique - résultats
Vous n’avez pas pris ce quiz